00326nam a22001337a 4500003000400000008004100004020001800045082001600063100001700079245004200096250000700138260003900145300000800184OSt240115b |||||||| |||| 00| 0 eng d a9781642503432 a332.178 LET aLEWIS,Antony aThe Basic of Bitcoins and Blockchains aEd aNew DelhibMango Publicationc2021 a408